Complex variables and the Laplace transform for engineers (Record no. 13856)

000 -LEADER
fixed length control field 00606nam a22002051 4500
001 - CONTROL NUMBER
control field 13856
003 - CONTROL NUMBER IDENTIFIER
control field BD-DhUET
008 - FIXED-LENGTH DATA ELEMENTS--GENERAL INFORMATION
fixed length control field 840622s1961 nyua b 000 0 eng
040 ## - CATALOGING SOURCE
Original cataloging agency DLC
Transcribing agency DLC
Modifying agency BD-DhUET
082 00 - DEWEY DECIMAL CLASSIFICATION NUMBER
Classification number 517.862
Item number LEP/1961
100 ## - MAIN ENTRY--PERSONAL NAME
Personal name LePage, Wilbur R.
245 10 - TITLE STATEMENT
Title Complex variables and the Laplace transform for engineers
250 ## - EDITION STATEMENT
Edition statement 1st ed.
260 ## - PUBLICATION, DISTRIBUTION, ETC. (IMPRINT)
Place of publication, distribution, etc. Bombay
Name of publisher, distributor, etc. McGraw-Hill
Date of publication, distribution, etc. 1961
300 ## - PHYSICAL DESCRIPTION
Extent xvi, 475 p.
Other physical details ill.
Dimensions 24 cm.
490 ## - SERIES STATEMENT
Series statement International series in pure and applied mathematics
504 ## - BIBLIOGRAPHY, ETC. NOTE
Bibliography, etc Includes bibliographies
650 #0 - SUBJECT ADDED ENTRY--TOPICAL TERM
Topical term or geographic name as entry element Calculus - Complex variables
942 ## - ADDED ENTRY ELEMENTS (KOHA)
Koha item type General Book
Holdings
Lost status Not for loan Copy number Koha full call number Koha item type Withdrawn status Piece designation (barcode) Damaged status Shelving location Sublocation or collection (holding branch) Date acquired Koha normalized classification for sorting Location (home branch) Source of classification or shelving scheme Koha date last seen Price effective from
  1517.862/LEP/1961General Book 40116 Circulation sectionCentral Library, BUET2015-03-05517_862000000000000_LEP_1961Central Library, BUET 2015-03-052015-03-05
  2517.862/LEP/1961General Book 24385 Circulation sectionCentral Library, BUET2015-03-05517_862000000000000_LEP_1961Central Library, BUET 2015-03-052015-03-05
  3517.862/LEP/1961General Book 6374 Circulation sectionCentral Library, BUET2015-03-07517_862000000000000_LEP_1961Central Library, BUET 2015-03-072015-03-07
  4517.862/LEP/1961General Book 51027 Circulation sectionCentral Library, BUET2015-03-07517_862000000000000_LEP_1961Central Library, BUET 2015-03-072015-03-07
  5517.862/LEP/1961General Book 20963 Circulation sectionCentral Library, BUET2015-03-07517_862000000000000_LEP_1961Central Library, BUET 2015-03-072015-03-07
  6517.862/LEP/1961General Book 42659 Circulation sectionCentral Library, BUET2015-03-07517_862000000000000_LEP_1961Central Library, BUET 2015-03-072015-03-07
  7517.862/LEP/1961General Book 40115 Circulation sectionCentral Library, BUET2015-03-07517_862000000000000_LEP_1961Central Library, BUET 2015-03-072015-03-07
  8517.862/LEP/1961General Book 39671 Circulation sectionCentral Library, BUET2015-03-07517_862000000000000_LEP_1961Central Library, BUET 2015-03-072015-03-07
  9517.862/LEP/1961General Book 39670 Circulation sectionCentral Library, BUET2015-03-07517_862000000000000_LEP_1961Central Library, BUET 2015-03-072015-03-07
  10517.862/LEP/1961General Book 42660 Circulation sectionCentral Library, BUET2015-03-07517_862000000000000_LEP_1961Central Library, BUET 2015-03-072015-03-07
  11517.862/LEP/1961General Book 42661 Circulation sectionCentral Library, BUET2015-03-09517_862000000000000_LEP_1961Central Library, BUET 2015-03-092015-03-09
  12517.862/LEP/1961General Book 51026 Circulation sectionCentral Library, BUET2015-03-09517_862000000000000_LEP_1961Central Library, BUET 2015-03-092015-03-09
  13517.862/LEP/1961General Book 2039 Circulation sectionCentral Library, BUET2015-05-03517_862000000000000_LEP_1961Central Library, BUET 2015-05-032015-05-03
  14517.862/LEP/1961General Book 6375 Circulation sectionCentral Library, BUET2015-05-03517_862000000000000_LEP_1961Central Library, BUET 2015-05-032015-05-03
  15517.862/LEP/1961General Book 2041 Circulation sectionCentral Library, BUET2015-05-03517_862000000000000_LEP_1961Central Library, BUET 2015-05-032015-05-03
  16517.862/LEP/1961General Book 2040 Circulation sectionCentral Library, BUET2015-05-03517_862000000000000_LEP_1961Central Library, BUET 2015-05-032015-05-03